All Electric type Pokémon - Statistics

General Stats
  • This quiz has been taken 237 times
    179 since last reset
  • The average score is 62 of 75
Answer Stats
Type Generation Pokémon % Correct
1 Pikachu
100%
1 Raichu
100%
Electric-Psychic 7 Alolan Raichu
98%
Electric-Steel 1 Magneton
98%
2 Pichu
98%
Grass-Electric 8 Hisuian Voltorb
97%
Electric-Steel 1 Magnemite
97%
1 Voltorb
97%
Electric-Flying 1 Zapdos
97%
1 Electabuzz
96%
1 Electrode
96%
Grass-Electric 8 Hisuian Electrode
96%
2 Elekid
93%
Electric-Steel 4 Magnezone
93%
Water-Electric 2 Lanturn
92%
Bug-Electric 7 Charjabug
90%
Water-Electric 2 Chinchou
89%
4 Electivire
88%
1 Jolteon
88%
Bug-Electric 5 Joltik
88%
2 Mareep
88%
2 Raikou
88%
5 Tynamo
88%
Dragon-Electric 5 Zekrom
88%
Electric-Flying 5 Emolga
87%
2 Flaaffy
87%
4 Shinx
87%
Ground-Electric 5 Stunfisk
87%
Bug-Electric 7 Vikavolt
87%
2 Ampharos
86%
Electric-Fairy 6 Dedenne
86%
Electric-Normal 6 Helioptile
86%
4 Luxio
86%
4 Luxray
86%
Electric-Normal 6 Heliolisk
85%
Rock-Electric 7 Alolan Geodude
84%
5 Eelektrik
84%
5 Eelektross
84%
3 Minun
84%
Rock-Electric 7 Alolan Golem
83%
Rock-Electric 7 Alolan Graveler
83%
Bug-Electric 5 Galvantula
83%
4 Pachirisu
83%
3 Plusle
83%
5 Zebstrika
83%
5 Blitzle
82%
3 Electrike
82%
Electric-Fighting 9 Pawmo
82%
Electric-Ghost 4 Rotom
82%
Electric-Poison 8 Toxtricity
82%
3 Manectric
81%
Electric-Steel 7 Togedemaru
81%
9 Pawmi
80%
Electric-Fighting 9 Pawmot
80%
Electric-Poison 8 Toxel
79%
Electric-Flying 9 Kilowattrel
78%
Electric-Flying 9 Wattrel
77%
Electric-Dark 8 Morpeko
76%
Electric-Flying 5 Thundurus
76%
Fighting-Electric 9 Iron Hands
74%
Electric-Fairy 7 Tapu Koko
74%
Electric-Dragon 9 Miraidon
72%
Electric-Dragon 8 Dracozolt
71%
Electric-Ice 8 Arctozolt
70%
7 Zeraora
69%
8 Regieleki
67%
7 Xurkitree
67%
Electric-Flying 7 Oricorio (Pom-Pom-style)
65%
Electric-Ground 9 Sandy Shocks
65%
8 Yamper
65%
9 Bellibolt
63%
8 Boltund
63%
Rock-Electric 9 Iron Thorns
63%
9 Tadbulb
59%
8 Pincurchin
49%
No matching quizzes found
Score Distribution
Percent of People with Each Score
Percentile by Number Answered
Your Score History
You have not taken this quiz since the last reset